LEADER 02032nam 2200613 a 450 001 9910455893103321 005 20200520144314.0 010 $a1-280-21421-X 010 $a9786610214211 010 $a0-309-59596-7 010 $a0-585-14337-4 035 $a(CKB)110986584750906 035 $a(OCoLC)632537876 035 $a(CaPaEBR)ebrary10056850 035 $a(SSID)ssj0000130028 035 $a(PQKBManifestationID)11135506 035 $a(PQKBTitleCode)TC0000130028 035 $a(PQKBWorkID)10082358 035 $a(PQKB)10133753 035 $a(MiAaPQ)EBC3376576 035 $a(Au-PeEL)EBL3376576 035 $a(CaPaEBR)ebr10056850 035 $a(OCoLC)923264622 035 $a(EXLCZ)99110986584750906 100 $a19890821d1989 uy 0 101 0 $aeng 135 $aurcn||||||||| 181 $ctxt 182 $cc 183 $acr 200 00$aContraceptive use and controlled fertility$b[electronic resource] $ehealth issues for women and children : background papers /$fAllan M. Parnell, editor ; Committee on Population, Commission on Behavioral and Social Sciences and Education, National Research Council 210 $aWashington, D.C. $cNational Academy Press$d1989 215 $a1 online resource (171 p.) 300 $aBibliographic Level Mode of Issuance: Monograph 311 $a0-309-04096-5 320 $aIncludes bibliographical references. 606 $aContraceptives$xPhysiological effect 606 $aMothers$xMortality 606 $aBirth intervals 606 $aInfants$xHealth and hygiene 608 $aElectronic books. 615 0$aContraceptives$xPhysiological effect. 615 0$aMothers$xMortality. 615 0$aBirth intervals. 615 0$aInfants$xHealth and hygiene. 676 $a613.9/4 701 $aParnell$b Allan M$0989874 801 0$bMiAaPQ 801 1$bMiAaPQ 801 2$bMiAaPQ 906 $aBOOK 912 $a9910455893103321 996 $aContraceptive use and controlled fertility$92264124 997 $aUNINA LEADER 01274nam a22002893i 4500 001 991000269979707536 005 20040804102350.0 008 040920s1997 it a ita 020 $a8846405331 035 $ab13198270-39ule_inst 035 $aARCHE-114451$9ExL 040 $aSet. Economia$bita$cA.t.i. Arché s.c.r.l. Pandora Sicilia s.r.l. 082 04$a332.1068 100 1 $aCanal, Renzo$0411550 245 13$aLe comunicazioni interne nella banca-impresa :$bmetodi e strumenti per lo sviluppo e la gestione delle comunicazioni interne /$cRenzo Canal, Pietro Rutelli ; introduzione di G. Tomassetti e P. Rutelli 260 $aMilano :$bAngeli,$cc1997 300 $a111 p. :$bill. ;$c22 cm 490 $aFormazione permanente ;$v560 650 4$aBanche$xSistemi informativi 650 4$aComunicazione aziendale 700 1 $aRutelli, Pietro$eauthor$4http://id.loc.gov/vocabulary/relators/aut$0253458 907 $a.b13198270$b16-04-19$c23-09-04 912 $a991000269979707536 945 $aLE025 ECO 332.1 CAN02.01$g1$i2025000158566$lle025$nCatalogato 2019$o-$pE0.00$q-$rl$s- $t0$u4$v1$w4$x0$y.i13852255$z23-09-04 996 $aComunicazioni interne nella banca-impresa$9625070 997 $aUNISALENTO 998 $ale025$b23-09-04$cm$da $e-$fita$git $h3$i1